Los anticuerpos /

En 1969, Tomás Eloy Martínez viajó a Madrid para entrevistar al expresidente argentino durante su exilio, en Puerta de Hierro. Juan Domingo Perón repasó, en el transcurso de cuatro jornadas intensas, su vida y la del país. La actualidad de sus testimonios convierte este encuentro en una herramienta...

Descripción completa

Guardado en:
Autor Principal: Martínez, Tomás Eloy.
Autor Corporativo: Canal Encuentro.
Formato: Deslizar
Publicado: Argentina, 2012
Series:La Argentina según Perón
Materias:
Etiquetas: Agregar Etiqueta
Sin Etiquetas, Sea el primero en etiquetar este registro!
LEADER 01208ngm a22002775g 4500
001 CEM.cems023891
008 130507s2012##################0###0#####d
005 20250714165042.0
245 1 0 |a Los anticuerpos /  |c Tomás Eloy Martínez. 
260 |a Argentina,  |c 2012 
300 |a 27'. 
490 0 |a La Argentina según Perón 
538 |a Soporte: DVD - Formato: AVI - Resolución: 720 x 540 - Grabación DRD 
520 |a En 1969, Tomás Eloy Martínez viajó a Madrid para entrevistar al expresidente argentino durante su exilio, en Puerta de Hierro. Juan Domingo Perón repasó, en el transcurso de cuatro jornadas intensas, su vida y la del país. La actualidad de sus testimonios convierte este encuentro en una herramienta para pensar el presente de la Argentina y para indagar sobre el peronismo y su vigencia. 
500 |a Consultar en ventanilla. 
100 1 |a Martínez, Tomás Eloy. 
710 2 |a Canal Encuentro. 
082 9 8 |/ MAR 
653 |a PERON 
653 |a PERONISMO 
653 |a HISTORIA ARGENTINA 
653 |a HISTORIA 
653 |a ENTREVISTA 
653 |a ARCHIVO 
653 |a SERIE DE TELEVISIÓN 
859 |a CEMS  |b BIB. CEMS - Depto. Recursos Didacticos  |h 982  |i MAR  |k DRD  |p 2534.15  |t Ej.1